| 000 | 00650nam a2200181Ia 4500 | ||
|---|---|---|---|
| 008 | 100917s9999 xx 000 0 und d | ||
| 082 | _b26854 | ||
| 100 | _aदोंदे मोरेश्वर वासुदेव | ||
| 245 | _aवन विहार (आवृत्ती 1 ली) | ||
| 260 |
_bगं. पां. परचुरे प्रकाशन मंन्दिर _c1951 |
||
| 300 | _a58 | ||
| 365 | _b1.25 | ||
| 520 | _aनाटक | ||
| 630 | _aवन विहार (आवृत्ती 1 ली) | ||
| 650 | _aनाटक | ||
| 730 | _aवन विहार (आवृत्ती 1 ली) | ||
| 942 | _cBOOK | ||
| 999 |
_c632248 _d632245 |
||